Vartman parivesh mein Haryana Pradesh mein shastriya sangeet ke prachar prasar sambandhi prayatnon ka sarvekshnatmak adhyayan (Record no. 10746)

MARC details
000 -LEADER
fixed length control field 00418nam a2200145Ia 4500
008 - FIXED-LENGTH DATA ELEMENTS--GENERAL INFORMATION
fixed length control field 230917s9999||||xx |||||||||||||| ||und||
040 ## - CATALOGING SOURCE
-- 5015599
Original cataloging agency VIVEKANANDA LIBRARY
041 ## - Language
-- English
082 ## - DDC NUMBER
Classification number 784.015 A35V
100 ## - MAIN ENTRY--PERSONAL NAME
Personal name Ashin
245 #0 - TITLE STATEMENT
Title Vartman parivesh mein Haryana Pradesh mein shastriya sangeet ke prachar prasar sambandhi prayatnon ka sarvekshnatmak adhyayan
260 ## - PUBLICATION, DISTRIBUTION, ETC. (IMPRINT)
Date of publication, distribution, etc 2021
300 ## - PHYSICAL DESCRIPTION
Pages 235 p.
942 ## - ADDED ENTRY ELEMENTS (KOHA)
Koha item type Books
Holdings
Withdrawn status Lost status Damaged status Not for loan Location (home branch) Sublocation or collection (holding branch) Date acquired Koha issues (times borrowed) Koha full call number Accession No. Koha date last seen Koha item type
        VIVEKANANDA LIBRARY VIVEKANANDA LIBRARY 21/06/2022   784.015 A35V 224661 17/09/2023 Books
© Designed and Maintained by Vivekananda Library, MDU Rohtak